000 00969nam a2200337 a 4500
003 AR-BaBNM
005 20251128204946.0
008 082120s2002 ||||||||||||||000 | spa||
040 _cAR-BaBNM
245 0 0 _aSociología de la familia
250 _a1ª ed.
260 _aMéxico, D.F.
_bFondo de Cultura Económica
_c1980
300 _a325 p.
_bgráfs., il.
490 0 _aLecturas
_vv. 32
500 _aContiene referencias bibliográficas en p. 312
500 _aIndice de nombres en p. 316
500 _aIndice de materias en p. 319
500 _aLista de colaboradores en contratapa
650 4 _aCIENCIAS SOCIALES
650 4 _aFAMILIA
650 4 _aPARENTESCO
650 4 _aMATRIMONIO
650 4 _aDIVORCIO
650 4 _aNIÑOS
700 1 _aAnderson, Michael
_ecompilador
700 1 _aSuárez, Eduardo L.
_etraductor
700 1 _aPineda, Marcela
_etraductor
800 1 _aSoberón M., Oscar
_edirector
942 _cBK
998 _cMARTIN
999 _c9485
_d9485